00645nam a2200217Ia 4500003000900000008004100009020001800050040001600068080001200084100002500096245007400121260003500195300001000230650001800240650002200258650001800280650001900298942000700317999001500324952008800339IN-BaIIA211028s9999 xx 000 0 eng d a0-06-043853-3 cIIA Library a52bBAS aBash, Frank N.99675 0aAstronomycFrank N. Bash  aNew YorkbHarper and Rowc1977 a468p. aAstronomy980 aStellar structure aThe sky99676 aThe star99677 cBK c5567d5567 00104070aBANbBANcGENd1977-09-27l0o52/ BASp6234r2021-11-05w1977-09-27yBK